LEADER 00995nam a2200241 i 4500 001 000000016012 003 CaOOAMICUS 005 20230911114847.0 008 180830s2003 it u000 u ita u 040 $aSeMil$bita 100 1 $aZucchelli, Giorgio.$0(OLS)http://semarc/name/7397 245 10$aArchitetture dello Spirito :$ble chiese della cittą e del territorio cremasco /$cGiorgio Zucchelli. 260 $aCremona :$bIl nuovo Torrazzo,$c2003. 300 $a3 v. :$bIn gran parte ill. ;$c31 cm. 500 $aDono del Card. Dionigi Tettamanzi. 650 4$aCrema - Arte.$0(OLS)http://semarc/subject/44815 774 0 $tVolume 1.$gVolume1$w()151719 774 0 $tVolume 2.$gVolume2$w()151721 774 0 $t3: Il Settecento.$gVolume3$w()151722 941 1 $a5 996 $6245$aArchitetture dello Spirito :$ble chiese della cittą e del territorio cremasco$9(OLS)http://semarc/title/21196 996 $6260$aCremona :$bIl nuovo Torrazzo$9(OLS)http://semarc/publisher/34300 LEADER 01342nam a2200289 i 4500 001 000000021318 003 CaOOAMICUS 005 20250902113902.0 008 180830s19691983xxk u000 u mul u 040 $aSeMil$bita 100 1 $aAthenaeus : Naucratita,$d.$0(OLS)http://semarc/name/9195 245 14$aThe deipnosophists /$cAthenaeus ; with an english translation by Charles Burton Gulick. 264 1$aCambridge, Massachusetts :$bHarvard University Press ;$aLondon :$bHeinemann,$c1969-1983. 300 $a7 v. ;$c17 cm. 546 $aTesto in inglese e greco 700 1 $aGulick, Charles Burton,$d<1868-1962>.$0(OLS)http://semarc/name/8977 774 0 $tVol. 1.$kLoeb Classical Library$w()179445 774 0 $tVol. 2.$kLoeb Classical Library$w()179448 774 0 $tVol. 3.$kLoeb Classical Library$w()179489 774 0 $tVol. 4.$kLoeb Classical Library$w()179499 774 0 $tVol. 5.$kLoeb Classical Library$w()179641 774 0 $tVol. 6.$kLoeb Classical Library$w()179686 774 0 $tVol. 7.$kLoeb Classical Library$w()179703 996 $6245$aThe deipnosophists$9(OLS)http://semarc/title/28212 996 $6264$aCambridge, Massachusetts :$bHarvard University Press$9(OLS)http://semarc/publisher/30206 996 $6264$aLondon :$bHeinemann$9(OLS)http://semarc/publisher/58753